| 000 | 00702cam a2200253 4500 | ||
|---|---|---|---|
| 008 | 090401t1994 xxu||||| |||| 00| 0 eng d | ||
| 020 | _a058221923X | ||
| 035 | _a(Sirsi) u15789 | ||
| 041 | _aeng | ||
| 050 | _a691 | ||
| 100 | _aEverett, Alan | ||
| 245 | _aMaterials. | ||
| 250 | _a5th ed. | ||
| 260 |
_aHarlow, Essex _bLongman Scientific & Technical _c1994 |
||
| 300 | _aviii,257p. ; 25cm. | ||
| 350 | _a18.99 | ||
| 490 | _aMitchell's Building Series | ||
| 520 | _aThis edition revised by C.M.H. Barritt. | ||
| 650 | _aBUILT ENVIRONMENT-BUILDING MATERIALS | ||
| 690 | _aBUILT ENVIRONMENT-BUILDING MATERIALS | ||
| 700 |
_aBarritt, C.M.H. _xEditor |
||
| 942 | _n0 | ||
| 948 | _c04/03/1997 | ||
| 999 |
_c87310 _d87310 |
||